Book of Abstracts of the 30th Workshop Cycles and Colourings 2022 : Nový Smokovec, September 4-9, 2022/

Enregistré dans:
Détails bibliographiques
Collectivité auteur: Workshop Cycles and Colourings 2022 Nový Smokovec, Slovenská republika
Autres auteurs: Fabrici, Igor (Compilateur), Kardoš, František (Compilateur)
Format: Actes de congrès Livre
Langue:anglais
Publié: Košice : Univerzita P. J. Šafárika v Košiciach, 2022
Édition:1. vyd.
Tags: Ajouter un tag
Pas de tags, Soyez le premier à ajouter un tag!

MARC

LEADER 00000nam a22000003a 4500
001 0097333
003 SK-STU
005 20220926135602.0
007 ta
008 150914s ----xo-----e------100-0-----d
035 |a biblio/511646  |2 CREPC2 
040 |a STU  |b slo 
041 0 |a eng 
044 |a xo 
111 2 |a Workshop Cycles and Colourings 2022  |n 30th  |d 4. - 9. 9. 2022  |c Nový Smokovec, Slovenská republika 
245 1 0 |a Book of Abstracts of the 30th Workshop Cycles and Colourings 2022 :  |b Nový Smokovec, September 4-9, 2022/  |c com. Igor Fabrici, František Kardoš 
250 |a 1. vyd. 
260 |a Košice :  |b Univerzita P. J. Šafárika v Košiciach,  |c 2022 
300 |a 34 s. 
700 1 |a Fabrici, Igor  |4 com 
700 1 |a Kardoš, František  |4 com 
996 |c V* 2665/sc-22  |l VV11  |s P  |a 0  |w 0097333_0001